Investigación en psicoterapia: la contribución psicoanalítica

Uloženo v:
Podrobná bibliografie
Hlavní autoři: Poch, Joaquín (Autor), Avila Espada, Alejandro (Autor)
Médium: Kniha
Jazyk:španělština
Vydáno: Barcelona Paidós 1998
Vydání:1a. ed
Edice:Psicología, Psiquiatría, Psicoterapia
Témata:
Tagy: Přidat tag
Žádné tagy, Buďte první, kdo vytvoří štítek k tomuto záznamu!

MARC

LEADER 00000nam a2200000 a 4500
001 UCI2337
003 CL-VaPUC
008 070817e19980000SP |||||||||||||||||spa|d
020 |a 844930492X 
082 0 4 |a 616.8914  |b POC  |2 21 
100 0 |a Poch, Joaquín  |e author  |9 523307 
700 0 |a Avila Espada, Alejandro  |e author  |9 523308 
245 1 0 |a Investigación en psicoterapia: la contribución psicoanalítica 
250 |a 1a. ed 
300 |a 325 p 
942 |c BK 
945 |d 20070817 00:00:00  |a jtorresc 
260 |a Barcelona  |b Paidós  |c 1998 
650 7 |a PSICOTERAPIA  |2 CL-VaPUC  |9 523309 
583 |a last modification  |c 20070817 00:00:00  |k Rodrigo Vera 
490 0 |a Psicología, Psiquiatría, Psicoterapia 
999 |c 326940  |d 326938 
952 |0 0  |1 0  |4 0  |6 616_891400000000000_POC_1998  |7 0  |8 A  |9 409214  |a BIBEDU  |b BIBEDU  |d 2019-11-22  |i 4364902  |o 616.8914 POC 1998  |p 4364902  |r 2019-11-22  |w 2019-11-22  |y BK  |k PSI